Zákon o službách zamestnanosti - zmeny od 1.1.2015.

Do zákona sa zaradilo nové ustanovenie - Príspevok na podporu vytvorenia pracovného miesta v prvom pravidelne platenom zamestnaní. Výška príspevku.

Na minha lista:
Detalhes bibliográficos
Autor principal: Kovalčíková, Martina
Formato: Capítulo de Livro
Idioma:eslovaco
Assuntos:
Tags: Adicionar Tag
Sem tags, seja o primeiro a adicionar uma tag!

MARC

LEADER 00000naa a2200000 4500
001 0197485
005 20231120134908.5
041 0 |a slo 
044 |a SK 
245 1 0 |a Zákon o službách zamestnanosti - zmeny od 1.1.2015.  |c Martina Kovalčíková 
520 |a Do zákona sa zaradilo nové ustanovenie - Príspevok na podporu vytvorenia pracovného miesta v prvom pravidelne platenom zamestnaní. Výška príspevku. 
610 2 0 |a služby zamestnanosti 
610 2 0 |a zákony 
610 2 0 |a novelizácia 
100 1 |a Kovalčíková, Martina